Non-controllable variable in macroeconomic efficiency assessment

Posúdenie technickej efektívnosti ekonomík 25 európskych krajín pomocou jednoduchého slack-based modelu DEA (SBM) s kontrolovanými premennými a následne s doplnenou nekontrolovateľnou premennou aktívneho obyvateľstva s cieľom (i) demonštrovať výsledný rozdiel oboch skóre a predpokladaných referenčný...

Descrizione completa

Salvato in:
Dettagli Bibliografici
Autore principale: Nežinský, Eduard, 1972-
Natura: Capitolo di libro
Lingua:inglese
Soggetti:
Tags: Aggiungi Tag
Nessun Tag, puoi essere il primo ad aggiungerne!!

MARC

LEADER 00000nla a2200000 4500
001 0227921
005 20240502083614.5
041 0 |a eng 
044 |a CZ 
245 1 0 |a Non-controllable variable in macroeconomic efficiency assessment  |c Eduard Nežinský 
520 |a Posúdenie technickej efektívnosti ekonomík 25 európskych krajín pomocou jednoduchého slack-based modelu DEA (SBM) s kontrolovanými premennými a následne s doplnenou nekontrolovateľnou premennou aktívneho obyvateľstva s cieľom (i) demonštrovať výsledný rozdiel oboch skóre a predpokladaných referenčných hodnôt (benchmark) od oboch modelov a (ii) zdôvodniť navrhované využitie nekontrolovateľnej premennej v takomto type modelov. Analýza obalu dát DEA (data envelopment analysis), SBM model, nekontrolovateľné premenné. Írsko ako technický benchmark európskej ekonomiky. 
610 2 0 |a makroekonomika 
610 2 0 |a efektívnosť ekonomická 
610 2 0 |a modely ekonometrické 
610 2 0 |a modelovanie 
610 2 0 |a analýza obaľovania dát 
610 2 0 |a štatistika 
610 2 0 |a Európska únia 
100 1 |a Nežinský, Eduard, 1972-